Countries Memeber of the United Nations - Sudden Death - Statistics

General Stats
  • This quiz has been taken 136 times
  • The average score is 7 of 12
Answers on the Grid
Answers color-coded by a green-red scale on the quiz's grid according to % correct below.
Chechen
Cook Islands
East Timor
FS Micronesia
Greenland
Iceland
Israel
Kosovo
Liechtenstein
Mariana Islands
Marshall Islands
Monaco
Nauru
Niue
Palestine
Russia
Somalia
Somaliland
South Ossetia
South Sudan
Syria
Taiwan
Vatican City
Western Sahara
 
Answer Stats
Answer % Correct
Iceland
80%
Russia
66%
Israel
64%
East Timor
61%
Liechtenstein
61%
FS Micronesia
59%
Monaco
58%
Marshall Islands
54%
Somalia
53%
Nauru
51%
South Sudan
51%
Syria
46%
No matching quizzes found
Score Distribution
Percent of People with Each Score
Percentile by Number Answered
Your Score History
You have not taken this quiz